000 00820nam a22002297a 4500
003 0
005 20250127130107.0
008 250127b xxu||||| |||| 00| 0 eng d
050 _aTX 911.3
_b.Ar75 2018
100 _aAriola, Cara Jane
245 _aHealthy plate
_b app based diet email delivery service
_cCara Jane Ariola and Macy Faith Pastera
260 _aLas Pinas City
_bSouthville International School and Colleges
_c2018
300 _aunnumbered pages ;
_c28cm.
500 _aMarketing Management.
504 _aIncludes bibliographical references and appendices.
650 _aMobile apps—Health applications.
650 _aNutrition—Application software.
650 _aDietary habits.
650 _aMeal delivery services.
650 _aNutrition—Application software.
942 _2lcc
_cTH
999 _c367074
_d367074